[Event "Karaj Alborz Parsa School"]
[Site "Karaj"]
[Date "2017.10.29"]
[Round "4.1"]
[White "Eskandary, Mahmood"]
[Black "Ghorbani, Sina"]
[Result "1-0"]
[WhiteElo "2123"]
[BlackElo "1426"]
[PlyCount "63"]
[EventDate "2017.10.12"]
[EventType "swiss"]
[EventRounds "9"]
[EventCountry "IRI"]
[SourceTitle "EXT 2024"]
[Source "ChessBase"]
[SourceDate "2023.10.10"]
[SourceVersion "1"]
[SourceVersionDate "2023.10.10"]
[SourceQuality "1"]

1. e4 e5 2. Nf3 Nc6 3. Bc4 Bc5 4. c3 Nf6 5. d3 d6 6. Bb3 0-0 7. Nbd2 Be6 8. Bc2 Bb6 9. h3 Qe7 10. Nf1 Rad8 11. Qe2 h6 12. g4 Nh7 13. Ng3 f6 14. Nf5 Bxf5 15. gxf5 Kh8 16. Nh4 Qd7 17. Ng6+ Kg8 18. Bb3+ Rf7 19. Rg1 Nf8 20. Bxh6 Na5 21. Bd5 Nxg6 22. fxg6 gxh6 23. gxf7+ Kf8 24. Rg8+ Ke7 25. f8Q+ Rxf8 26. Rg7+ Kd8 27. Rxd7+ Kxd7 28. b4 c6 29. Qg4+ Kd8 30. Qg7 Re8 31. Qxf6+ Re7 32. Be6 1-0

[Event "Karaj Alborz Parsa School"]
[Site "Karaj"]
[Date "2017.10.29"]
[Round "3.1"]
[White "Eskandary, Mahmood"]
[Black "Shokrian, Abolfazl"]
[Result "1-0"]
[WhiteElo "1340"]
[BlackElo "2123"]
[PlyCount "22"]
[EventDate "2017.10.12"]
[EventType "swiss"]
[EventRounds "9"]
[EventCountry "IRI"]
[SourceTitle "EXT 2024"]
[Source "ChessBase"]
[SourceDate "2023.10.10"]
[SourceVersion "1"]
[SourceVersionDate "2023.10.10"]
[SourceQuality "1"]

1. e4 e5 2. Bc4 Nc6 3. Nf3 Nf6 4. Ng5 d5 5. exd5 Nd4 6. d6 Qxd6 7. Bxf7+ Ke7 8. Bb3 h6 9. Nf7 Qc6 10. Nxh8 Qxg2 11. Rf1 Qe4+ 1-0

[Event "Karaj Alborz Parsa School"]
[Site "Karaj"]
[Date "2017.10.14"]
[Round "9.1"]
[White "Abedini, Hamid Reza"]
[Black "Eskandary, Mahmood"]
[Result "1-0"]
[WhiteElo "1912"]
[BlackElo "2123"]
[PlyCount "84"]
[EventDate "2017.10.12"]
[EventType "swiss"]
[EventRounds "9"]
[EventCountry "IRI"]
[SourceTitle "EXT 2024"]
[Source "ChessBase"]
[SourceDate "2023.10.10"]
[SourceVersion "1"]
[SourceVersionDate "2023.10.10"]
[SourceQuality "1"]

1. e4 e6 2. d4 d5 3. exd5 exd5 4. Bf4 Nf6 5. Nf3 Be7 6. Bd3 0-0 7. h3 Re8 8. 0-0 Ne4 9. Nbd2 Bf6 10. Re1 Bf5 11. Ne5 Nc6 12. Nxe4 Bxe4 13. Bxe4 dxe4 14. Rxe4 Bxe5 15. dxe5 Qxd1+ 16. Rxd1 Rad8 17. Rxd8 Rxd8 18. Kf1 h6 19. Ke1 g5 20. Bd2 Kf8 21. h4 gxh4 22. Bxh6+ Ke8 23. Bg5 Rd5 24. f4 Kd7 25. c4 Rd3 26. Bxh4 a5 27. Ke2 Rd4 28. Rxd4+ Nxd4+ 29. Kd3 Nf5 30. Bf2 b6 31. Ke4 Ne7 32. g4 a4 33. b3 axb3 34. axb3 Kc6 35. f5 Nc8 36. g5 Ne7 37. b4 Kd7 38. Bh4 Nc6 39. Be1 Ne7 40. b5 Nc8 41. g6 fxg6 42. fxg6 Ke7 1-0

[Event "IRI-chT 14th"]
[Site "Tehran"]
[Date "2015.11.10"]
[Round "9.1"]
[White "Guseinov, Gadir"]
[Black "Eskandary, Mahmood"]
[Result "1-0"]
[WhiteElo "2634"]
[BlackElo "2121"]
[PlyCount "94"]
[EventDate "2015.07.17"]
[EventType "team-tourn"]
[EventRounds "13"]
[EventCountry "IRI"]
[SourceTitle "EXT 2017"]
[Source "ChessBase"]
[SourceDate "2016.10.25"]
[SourceVersion "1"]
[SourceVersionDate "2016.10.25"]
[SourceQuality "1"]
[WhiteTeam "Tabriz Shahrdari"]
[BlackTeam "Lorestan Rah & Shahrsazi"]
[WhiteTeamCountry "IRI"]
[BlackTeamCountry "IRI"]

1. e4 e5 2. Nf3 Nc6 3. Bb5 Nf6 4. d3 d6 5. 0-0 Bd7 6. c4 g6 7. Nc3 Bg7 8. h3 0-0 9. Be3 Nh5 10. Rc1 Nd4 11. Bxd7 Qxd7 12. Re1 Rae8 13. Nb5 Nxf3+ 14. Qxf3 c6 15. Nc3 b6 16. b4 f5 17. b5 cxb5 18. cxb5 fxe4 19. Qxe4 Nf6 20. Qc6 Rc8 21. Qxd7 Nxd7 22. Red1 Rc7 23. Ne4 Rxc1 24. Rxc1 d5 25. Rc7 dxe4 26. Rxd7 exd3 27. Rxd3 Rf7 28. Rd8+ Rf8 29. Rd6 Rf7 30. Kf1 Rb7 31. Ke2 Kf7 32. Kd3 Rc7 33. Ke4 Bf8 34. Rd8 Be7 35. Rh8 Ke6 36. Rxh7 Rc4+ 37. Kf3 Rb4 38. g4 e4+ 39. Kg2 Rxb5 40. h4 Ra5 41. g5 Rxa2 42. Rg7 Bc5 43. Rxg6+ Kf7 44. Rf6+ Kg7 45. Bxc5 bxc5 46. Re6 c4 47. Rxe4 c3 1-0

[Event "Rasht Khazar op 13th"]
[Site "Rasht"]
[Date "2015.02.11"]
[Round "1"]
[White "Eskandary, Mahmood"]
[Black "Mirzoev, Azer"]
[Result "0-1"]
[WhiteElo "2150"]
[BlackElo "2556"]
[PlyCount "108"]
[EventDate "2015.02.11"]
[EventType "swiss"]
[EventRounds "9"]
[EventCountry "IRI"]
[SourceTitle "CBM 164 Extra"]
[Source "ChessBase"]
[SourceDate "2015.03.02"]
[SourceVersion "1"]
[SourceVersionDate "2015.03.02"]
[SourceQuality "1"]

1. Nf3 d5 2. g3 Nf6 3. Bg2 Bg4 4. 0-0 Nbd7 5. c4 c6 6. cxd5 cxd5 7. h3 Bh5 8. Qb3 Qb6 9. Qxb6 Nxb6 10. Nc3 e6 11. Nb5 Kd8 12. d3 a6 13. Nc3 Rc8 14. Bg5 h6 15. Bf4 Nfd7 16. g4 Bg6 17. e4 dxe4 18. Nxe4 Nd5 19. Bg3 Rc2 20. Rfb1 Be7 21. Nd4 Rc8 22. Rc1 N7b6 23. Nb3 Na4 24. Rxc8+ Kxc8 25. Rc1+ Kd7 26. Nc3 Naxc3 27. bxc3 Ba3 28. Re1 Bxd3 29. Rd1 Bc4 30. Na5 Rc8 31. Nxc4 Rxc4 32. Bxd5 exd5 33. Rxd5+ Kc8 34. Rd3 f6 35. f3 b5 36. Bd6 Ra4 37. Bxa3 Rxa3 38. Kf2 Rxa2+ 39. Ke3 Kc7 40. h4 Ra4 41. h5 Rc4 42. Kd2 Rc5 43. Rd4 Kc6 44. Kc2 a5 45. Kb2 Rd5 46. Re4 Re5 47. Rd4 Re2+ 48. Kb3 a4+ 49. Ka3 Rc2 50. Rd3 Kc5 51. Rd7 Rxc3+ 52. Kb2 Rxf3 53. Rxg7 Kb4 54. Rf7 a3+ 0-1